000 00253nam a2200097Ia 4500
008 240331s9999 xx 000 0 und d
082 _bTAM
100 _aTambiah, S.J
245 0 _aSri Lanka :
_bethnic fraticide and the dismantling of democracy
942 _cL
999 _c2053
_d2053